000
00314 a2200157 4500
001
169246
020
_a
040
_c
Magnum
100
_a
Nucci, Nely A. Guernelli
240
1
0
_a
O aniversario
_l
por
245
1
0
_a
O aniversario
362
0
_a
1899
440
1
_a
Paulinas
697
_a
IJ/TEATRO
942
_c
BK
999
_c
169246
_d
169246